| 000 | 00465nam a22001937a 4500 | ||
|---|---|---|---|
| 003 | OSt | ||
| 005 | 20251211095556.0 | ||
| 008 | 251211b |||||||| |||| 00| 0 eng d | ||
| 020 | _a978-93-24195-41-8 | ||
| 040 | _cMRSPTU | ||
| 041 | _aENG | ||
| 082 |
_a030 _bPA-G |
||
| 100 | _aManohar Pandey | ||
| 245 | _aGeneral Knowledge 2021 | ||
| 260 |
_aNew Delhi _bArihant Publications (India) Ltd. _c2021 |
||
| 300 | _a559 | ||
| 650 | _aGeneral | ||
| 942 |
_2ddc _cBK _n0 |
||
| 999 |
_c10620 _d10620 |
||